Guess the Country by One of Their Islands 2 - Statistics

General Stats
  • This quiz has been taken 8 times
  • The average score is 9 of 16
Answer Stats
Picture Answer % Correct
United States of America
100%
Canada
88%
France
88%
Norway
88%
Portugal
88%
Brazil
75%
Estonia
63%
Mexico
63%
Saudi Arabia
63%
Argentina
50%
Croatia
38%
Germany
38%
Colombia
25%
Panama
13%
Eritrea
0%
Veneuela
0%
No matching quizzes found
Score Distribution
Percent of People with Each Score
Percentile by Number Answered
Your Score History
You have not taken this quiz